Sur cette terre, il y a ce qui mérite la vie (Record no. 13958)

MARC details
010 ## - Numéro international normalisé du livre (ISBN)
ISBN 9782021616828
099 ## - Visibilité opac
notice masquée en opac Non
100 ## - Données générales de traitement
Données générales de traitement 20251204d u||y0frey50 ba
200 ## - Titre et mention de responsabilité
Titre propre Sur cette terre, il y a ce qui mérite la vie
Indication générale du type de document Livre
Complément du titre 17 écrivains pour la Palestine
214 ## - Mentions de production, publication, diffusion et manufacture
Nom de l’éditeur Seuil
700 ## - Auteur principal
Nom Collectif
000 -Etiquette de la notice
Leader 00345nam a2200133 4500
005 - Identifiant de la version
Identifiant 20251204113030.0
Holdings
Exclu du prêt Date de création Site actuel Code barre Date prix de remplacement Cote Statut Site de rattachement Type de document Koha
  04.12.2025 Théâtre Joliette JOL-007659 04.12.2025 LITT COLL   Théâtre Joliette Livre